00242nam a2200073Ia 4500008004100000041000800041245006700049260005200116231107s1996 xx 000 0 und d aeng aTolbooths & Town Houses:Civic Architecture in Scotland to 1833 aScotlandbRoyal Commission on the Ancientc1996